000 00723nam a2200229 i 4500
001 2265815
005 20250209152514.0
008 781207s1978 caua 001 0 eng
020 _a0930010027
050 0 0 _aRD37
_b.W55 1978
082 0 0 _a617
245 0 0 _aHandbook of surgery /
_cedited by Theodore R. Schrock.
250 _a6th ed.
260 _aGreenbrae, Calif. :
_bJones Medical Publications,
_c1978.
300 _ax, 596 p. :
_bill. ;
_c28 cm.
500 _aFifth ed. is found under J. L. Wilson.
500 _aIncludes index.
650 0 _aSurgery
_xHandbooks, manuals, etc.
700 1 _aWilson, John long,
_d1914-
_eed.
_tHandbook of surgery.
700 1 _aSchrock, Theodore R.
942 _2lcc
_cBK
_e6th ed.
_n0
999 _c3758
_d3758